000 00336nam a2200133Ia 4500
008 151001s9999||||xx |||||||||||||| ||und||
100 _aजयप्रकाश कदम
245 _aगुंगा नही था मै
250 _a1
260 _bआतिश
260 _c1999
300 _a72
365 _b21
999 _c975903
_d975900